000 00459nam a2200181Ia 4500
005 20250508162017.0
008 008 250505s9999 xx 000 0 eng d
037 _aTextual
040 _aFEDL
_beng
_cFEDL
041 _aeng
_2eng
084 _a379.111, MCK
_qFEDL
100 _aMcKinnon K R
245 0 _aRealistic educational planning
260 _c1973
300 _a45p.
942 _cTEXL
_h379.111, MCK
999 _c1373812
_d1373812